ARRUPE JESUIT UNIVERSITY

CORONAVIRUS -STOP THE SPREAD - CLEAN,DISINFECT,COVER

Autobiography of Joseph Priestley: memoirs written by himself; (Record no. 124758)

MARC details
000 -LEADER
fixed length control field 01244cam a2200313 4500
001 - CONTROL NUMBER
control field 3148381
003 - CONTROL NUMBER IDENTIFIER
control field ARRUPE
005 - DATE AND TIME OF LATEST TRANSACTION
control field 20160504120845.0
008 - FIXED-LENGTH DATA ELEMENTS--GENERAL INFORMATION
fixed length control field 710119r19701775enkcf b 001 0aeng
010 ## - LIBRARY OF CONGRESS CONTROL NUMBER
LC control number 73529236
015 ## - NATIONAL BIBLIOGRAPHY NUMBER
National bibliography number B70-22080
020 ## - INTERNATIONAL STANDARD BOOK NUMBER
International Standard Book Number 0239000471
040 ## - CATALOGING SOURCE
Original cataloging agency DLC
Transcribing agency DLC
Modifying agency DLC
050 00 - LIBRARY OF CONGRESS CALL NUMBER
Classification number QD22.P8
Item number A33 1970
082 00 - DEWEY DECIMAL CLASSIFICATION NUMBER
Classification number 540/.924
-- B
300 ## - PHYSICAL DESCRIPTION
Dimensions 23 cm.
100 1# - MAIN ENTRY--PERSONAL NAME
Personal name Priestley, Joseph,
Dates associated with a name 1733-1804.
9 (RLIN) 6810
240 10 - UNIFORM TITLE
Uniform title <a href="Memoirs of Dr. Joseph Priestley to the year 1795">Memoirs of Dr. Joseph Priestley to the year 1795</a>
245 00 - TITLE STATEMENT
Title Autobiography of Joseph Priestley: memoirs written by himself;
Remainder of title [and], An account of further discoveries in air;
Statement of responsibility, etc [compiled with notes and an] introduction by Jack Lindsay.
260 ## - PUBLICATION, DISTRIBUTION, ETC. (IMPRINT)
Place of publication, distribution, etc Bath,
Name of publisher, distributor, etc Adams & Dart,
Date of publication, distribution, etc 1970.
300 ## - PHYSICAL DESCRIPTION
Extent 159 p.;
350 ## - PRICE (NR) (BK AM CF MU VM SE) [OBSOLETE]
Price 42/-
500 ## - GENERAL NOTE
General note Autobiography originally published London, J. Johnson, 1806. An account of further discoveries in air, originally published 1775.
504 ## - BIBLIOGRAPHY, ETC. NOTE
Bibliography, etc Bibliography: p. [153]-154.
600 10 - SUBJECT ADDED ENTRY--PERSONAL NAME
Personal name Priestley, Joseph,
Dates associated with a name 1733-1804.
9 (RLIN) 6810
700 12 - ADDED ENTRY--PERSONAL NAME
Personal name Priestley, Joseph,
Dates associated with a name 1733-1804.
Title of a work Account of further discoveries in air.
Date of a work 1970.
9 (RLIN) 24232
740 0# - ADDED ENTRY--UNCONTROLLED RELATED/ANALYTICAL TITLE
Uncontrolled related/analytical title Account of further discoveries in air.
906 ## - LOCAL DATA ELEMENT F, LDF (RLIN)
a 7
b cbc
c orignew
d 3
e ncip
f 19
g y-gencatlg
942 ## - ADDED ENTRY ELEMENTS (KOHA)
Source of classification or shelving scheme Library of Congress Classification
Koha item type Monograph ( Printed materials)
Holdings
Withdrawn status Lost status Source of classification or shelving scheme Damaged status Not for loan Collection code Home library Current library Shelving location Date acquired Total Checkouts Full call number Barcode Date last seen Price effective from Koha item type
    Library of Congress Classification     Main Collection ARRUPE LIBRARY ARRUPE LIBRARY Main Collection 28/04/2016   QD22.P8A33 1970 46500006871 02/07/2019 28/04/2016 Monograph ( Printed materials)

 

Arrupe Library. PO Box MP320 Mt Pleasant, Harare, Zimbabwe
263 242 745411|librarian@aju.ac.zw